| 000 | 02794nam a2200301 i 4500 | ||
|---|---|---|---|
| 005 | 20250329165508.0 | ||
| 007 | ta | ||
| 008 | 200622s2023 000 0 eng d | ||
| 040 |
_aCO-CtgCURN _bspa _ccoctgcurn _erda |
||
| 082 | 0 |
_aTCS 2023 _bO164 |
|
| 100 | 1 |
_aOchoa Macia, Alixis, _eauthor. _4aut |
|
| 245 | 1 | 0 |
_aTu pequeño escondite lad / _cAlixis Ochoa Macia; Daniela Fernandez Paternina; Leidy Nieto Caballero; Director Jorge Leonardo Castillo. |
| 260 |
_aCartagena de Indias : _bCorporación Universitaria Rafael Núñez, _c2023. |
||
| 260 | 4 | _c©2023. | |
| 300 | _a53 hojas. | ||
| 336 |
_atext _btxt _2rdacontent |
||
| 337 |
_aunmediated _bn _2rdamedia |
||
| 338 |
_avolume _bnc _2rdacarrier |
||
| 502 | _aTrabajo de grado (Tecnologo en contabilidad sistematizada). Corporación Universitaria Rafael Núñez. Facultad de Ciencias Administrativas y Contables. Programa de Tecnología en Contabilidad Sistematizada, 2023. | ||
| 520 | 8 | _a"Damos énfasis a nuestro anteproyecto como una innovación en el mercado, este nos simplifica que a través de un estudio del mercado, proyecciones y resultados damos a conocer nuestro emprendimiento, pero no como un almacén común, es un almacén que no solamente vende sus productos, sino la utilización de ello en el cliente.las empresas locales se benefician de la ubicación de Cartagena de Indias ya que es la costa sudamericana y por el puerto de la bahía de manga ya que hay un descargue y menos costos de transporte de bunker, tanto el comercio nacional como el internacional se sitúan en la ciudad por su cultura y el apego de los turistas. Como resultado, muchos minoristas y mayoristas se instalaron en la ubicación más visitada de la ciudad y que tiene más de 100 visitas por hora, y es el mercado de Bazurto para cosechar las ganancias del comercio internacional; los visitantes también descubren que comprar en esta área ofrece una mayor selección y precios más bajos. En este comercio internacional los compradores buscan los productos asiáticos porque están dispuestos a pagar calidad y precio a mayor adquisición, ya que son productos fabricados con materiales biodegradables. Incluso los almacenes mayoristas se pueden beneficiar de este comercio internacional ya que atrae posesivamente a los clientes." | |
| 650 | 0 |
_aContabilidad sistematizada _xTesis y disertaciones académicas. |
|
| 700 | 1 | _aFernandez Paternina, Daniela. | |
| 700 | 1 | _aNieto Caballero, Leidy. | |
| 700 | 1 |
_aCastillo, Jorge Leonardo, _edirector. |
|
| 856 | 7 |
_uhttps://unicurn.sharepoint.com/:b:/s/biblioteca/EYrdPwEwmr1JtCDL3-DfVXUBsUyXTvyFZ0qTWmFxeSaMJw?e=sIxSfE _zClick aqui para ver el recurso en texto completo |
|
| 942 |
_cTG _hTCS 2023 _iO164 _aMHC _bMHC _2ddc |
||
| 999 |
_c5917 _d5917 |
||